000 00340nam a2200133 i 4500
001 bg
100 1 _aTARNOPOLSKIJ, M.
245 0 _aKonstrukcionnaja rvocnost i deformativnost stekłoplastikov /
_cM. Tarnopolskij.
260 _aRyga,
_c1966.
040 _cBPK
041 _apol
942 _cKS
008 s pl f |000 0 pol
999 _c12448
_d12448
856 _uhttp://koha.tu.koszalin.pl/cgi-bin/koha/opac-detail.pl?biblionumber=12448
_yKatalog online BPK